| 000 | 00806cam a2200217 4500 | ||
|---|---|---|---|
| 001 | 3258 | ||
| 005 | 20181127170858.0 | ||
| 008 | 041015s2004 ii a b 001 0beng | ||
| 010 | _a 2004307448 | ||
| 020 | _a9780143062066 | ||
| 043 | _aa-ii--- | ||
| 100 | 1 | _aLala, R. M. | |
| 245 | 1 | 0 |
_aFor the love of India : _bthe life and times of Jamsetji Tata / _cR.M. Lala. |
| 260 |
_aNew Delhi : _bPortfolio Penguin, _c2006. |
||
| 300 |
_axix, 247 p. : _bill. ; _c22 cm. |
||
| 504 | _aIncludes bibliographical references (p. [236]) and index. | ||
| 520 | _aOn life and achievements of Jamsetji Nasarwanji Tata, 1839-1904, Indian industrialist and philanthropist. | ||
| 600 | 1 | 0 |
_aTata, Jamsetji Nasarwanji, _d1839-1904. |
| 650 | 0 |
_aIndustrialists _zIndia _vBiography. |
|
| 650 | 0 |
_aPhilanthropists _zIndia _vBiography. |
|
| 999 |
_c2634 _d2634 |
||